| 000 | 00472nam a22001577a 4500 | ||
|---|---|---|---|
| 005 | 20240215091537.0 | ||
| 008 | 240215b |||||||| |||| 00| 0 eng d | ||
| 041 | _aAfrikaans/ English | ||
| 082 | _a349 TYD | ||
| 100 | _lAfrikaans / English | ||
| 245 | _aTydskrif vir Hedendaagse Romeins-Hollandse Reg | ||
| 260 |
_aDurban : _bButterworth, _c2010 |
||
| 300 |
_b175 pages ; _c25 cm. |
||
| 650 |
_aLegal practice _bLaw |
||
| 942 |
_cBK _6ALISON_BN_VRIES |
||
| 999 |
_c1367 _d1367 |
||